| 000 | 00957cam a22002657a 4500 | ||
|---|---|---|---|
| 001 | 13376789 | ||
| 003 | OSt | ||
| 005 | 20260112105042.0 | ||
| 008 | 021010s2003 ii ab b 001 0 eng | ||
| 020 | _a0195661370 | ||
| 020 | _a9780195661378 | ||
| 040 | _c. | ||
| 082 | _a304.20954 MOS | ||
| 100 | 1 | _aMosse, David. | |
| 245 | 1 | 4 |
_aThe rule of water : _bstatecraft, ecology and collective action in South India / _cDavid Mosse, with assistance from M. Sivan. |
| 260 |
_aOxford ; _aNew York : _bOxford University Press, _c2003. |
||
| 300 |
_axii, 337 p. : _bill., maps ; _c22 cm. |
||
| 650 | 0 |
_aWater-supply _xSocial aspects _zIndia, South. |
|
| 650 | 0 |
_aHuman ecology _zIndia, South. |
|
| 650 | 0 |
_aWater-supply _xPolitical aspects _zIndia, South. |
|
| 856 | 4 | 2 | _uhttp://www.loc.gov/catdir/enhancements/fy0616/2003536572-d.html |
| 942 |
_2ddc _cBK |
||
| 999 |
_c21366 _d21366 |
||